000 01814nam a2200229Ia 4500
008 260220t9999||||xx |||||||||||||| ||spa||
040 _aPY-SlUNAC
_bspa
_erda
041 _aspa
082 _a668.651
_bOp7c
245 0 _aCriterios de salud ambiental
264 _a[Lugar de publicación no identificado] :
_b[Editorial no identificada],
_c[Fecha de publicación no identificada].
300 _a1 volumen
520 _a"Criterios de salud ambiental" aborda la interacción entre el entorno y la salud humana, estableciendo principios fundamentales para evaluar y gestionar riesgos ambientales. El texto examina cómo factores como la contaminación del aire, el agua y el suelo impactan en la salud pública, enfatizando la necesidad de políticas integradas que promuevan ambientes saludables. A través de un enfoque multidisciplinario, se presentan metodologías para la identificación de peligros, la evaluación de riesgos y la implementación de medidas preventivas. Además, se discuten los determinantes sociales de la salud y su relación con la justicia ambiental, subrayando la importancia de considerar las desigualdades en el acceso a recursos y servicios. El libro invita a los profesionales y responsables de políticas a adoptar un enfoque proactivo en la protección de la salud ambiental, fomentando la colaboración entre sectores para garantizar un bienestar sostenible. En definitiva, esta obra se convierte en un recurso esencial para quienes buscan comprender y abordar los desafíos contemporáneos en salud ambiental.
653 _aContaminación
653 _aPolíticas de salud
653 _aSalud ambiental
942 _b2026/02/17
_cBK
999 _c8831
_d8831